The last temptation of Christ

Saved in:
Bibliographic Details
Main Author: Kazantzakis, Nikos
Format: Book
Language:Undetermined
Published: Estados Unidos [s.n.] 1960
Subjects:
Tags: Add Tag
No Tags, Be the first to tag this record!

MARC

LEADER 00000nam a2200000Ia 4500
008 170316s9999 xx 000 0 und d
040 |a cru BVZT 
090 |a 880 K-1L 
100 |a Kazantzakis, Nikos 
245 4 |a The last temptation of Christ 
260 |a Estados Unidos 
260 |b [s.n.] 
260 |c 1960 
300 |a 497 páginas 
650 |a LITERATURA GRIEGA 
999 |c 11947  |d 11947 
942 |c 15 D  |h 880 K-1L  |2 z